000 00259nam a22000977a 4500
999 _c516886
_d516886
082 _aTNC I29 R473
100 _aRinger, Robert J.
_923719
245 _aWinning through intimidation
_cBy Robert J. Ringer
260 _aNew York
_bLos Angeles
_c1973
300 _a236p.